| 000 | 00670nam a2200217 i 4500 | ||
|---|---|---|---|
| 001 | 32324 | ||
| 003 | ES-MaACL | ||
| 005 | 20230906154544.0 | ||
| 007 | t| | ||
| 008 | 030131s1972 sp ||||1| spa d | ||
| 080 | _a860-322.6"19" | ||
| 100 | 1 |
_aBenito Cardenal, Luis Carlos. _927669 |
|
| 245 | 1 | 0 |
_aQue eternamente se mece y otros relatos / _cLuis Carlos Benito Cardenal. |
| 260 |
_aGranada : _bUniversidad de Granada, _c1972. |
||
| 300 |
_a175 p. ; _c22 cm. |
||
| 490 | 1 |
_aColección monográfica ; _v15 |
|
| 710 | 2 |
_aUniversidad de Granada. _97176 |
|
| 830 | 1 |
_aColección monográfica ; _v15 _9181433 |
|
| 852 | 4 |
_aES-MaACL _jC-42965 |
|
| 999 |
_c32324 _d32324 |
||